000 00477nam a2200157 i 4500
001 60930
003 ES-MaACL
005 20230906164332.0
007 t|
008 031107s1956 sp ||||1| spa d
100 1 _aEstrugo, José Antonio.
_948261
245 1 0 _aProblemas resueltos de Matemática pura y financiera /
_cpor José Antonio Estrugo.
260 _aMadrid :
_b[s.n.,
_c1956] (
_fGráf. Reunidas)
300 _a3 v. ;
_c24 cm.
852 _aES-MaACL
_jA-5074-6
_bR.39616
999 _c60930
_d60930